000 01050nam a22002297a 4500
003 OSt
005 20170608093113.0
008 150408b2016 slv spa
040 _cBMC
082 _a721
100 1 _940232
_aRodriguez Esquivel, Manuel Alejandro
245 1 0 _aPropuesta de diseño arquitectónico de Parroquia San Martín de Porres, Santa Ana
_b: proyecto
_cManuel Alejandro Rodríguez Esquivel, Lino de Jesús Sandoval, Alvaro Ernesto Zepeda Sandoval
260 _aSanta Ana (El Salvador)
_bUniversidad Católica de El Salvador
_c2016
300 _a159 h.
_bil. col., planos
_c27 cm
_e+ 1 disco compacto
500 _aPrecede al tít.: Universidad Católica de El Salvador, Facultad de Ingeniería y Arquitectura
502 _aPara optar al título de Arquitecto
650 2 4 _94860
_aProyectos de arquitectura
700 1 _940233
_aSandoval, Lino de Jesús
700 1 _940234
_aZepeda Sandoval, Alvaro Ernesto
710 2 _91166
_aUniversidad Católica de El Salvador
_bFacultad de Ingeniería y Arquitectura
942 _2ddc
_cTG
999 _c26352
_d26352